000 00330nam a2200145Ia 4500
008 191201s2009 xx 000 0 und d
082 _a338.836
_bMUI
100 _aMURALIDHARAN,V.S
245 0 _aIntelligent Manager
250 _aRep
260 _aN. Delhi
_bAne Books
_c2009
300 _a434
650 _aBBA
942 _2ddc
_cBK
999 _c4989
_d4989